| 000 | 00550nam a2200205Ia 4500 | ||
|---|---|---|---|
| 005 | 20250923145111.0 | ||
| 008 | 008 250917s9999 xx 000 0 eng d | ||
| 037 | _aTextual | ||
| 040 |
_aDSWL _beng _cDSWL |
||
| 041 |
_aeng _2eng |
||
| 084 |
_aS, K7 _qDSWL |
||
| 100 |
_aMunn, Norman L. _9831795 |
||
| 245 | 0 |
_aIntroduction psychology _cby Norman L. Munn |
|
| 260 |
_aCalcutta _bOxford & IBH Pub Co. _c1967 |
||
| 300 | _a142 p. | ||
| 365 |
_aINR _b10 |
||
| 925 | _g10 | ||
| 942 |
_cTEXL _hS, K7 |
||
| 999 |
_c1447092 _d1447092 |
||